export_success — 

An Archaeology of Institutional Confinement : The Hyde Park Barracks, 1848-1886.

The archaeological assemblage from the Hyde Park Barracks is one of the largest, most comprehensive and best preserved collections of artefacts from any 19th-century institution in the world.

Bibliographic Details
Main Author: Davies, Peter.
Other Authors: Crook, Penny., Murray, Tim.
Format: eBook
Language:English
Published: Sydney : Sydney University Press, 2013.
Edition:1st ed.
Series:Studies in Australasian Historical Archaeology Series
Subjects:
Online Access:Click to View
LEADER 01830nam a22003973i 4500
001 EBC31280410
003 MiAaPQ
005 20240729202206.0
006 m o d |
007 cr cnu||||||||
008 240729s2013 xx o ||||0 eng d
020 |a 9781743326046  |q (electronic bk.) 
020 |z 9781920899790 
035 |a (MiAaPQ)EBC31280410 
035 |a (Au-PeEL)EBL31280410 
040 |a MiAaPQ  |b eng  |e rda  |e pn  |c MiAaPQ  |d MiAaPQ 
100 1 |a Davies, Peter. 
245 1 3 |a An Archaeology of Institutional Confinement :  |b The Hyde Park Barracks, 1848-1886. 
250 |a 1st ed. 
264 1 |a Sydney :  |b Sydney University Press,  |c 2013. 
264 4 |c Ã2013. 
300 |a 1 online resource (230 pages) 
336 |a text  |b txt  |2 rdacontent 
337 |a computer  |b c  |2 rdamedia 
338 |a online resource  |b cr  |2 rdacarrier 
490 1 |a Studies in Australasian Historical Archaeology Series ;  |v v.4 
520 |a The archaeological assemblage from the Hyde Park Barracks is one of the largest, most comprehensive and best preserved collections of artefacts from any 19th-century institution in the world. 
588 |a Description based on publisher supplied metadata and other sources. 
590 |a Electronic reproduction. Ann Arbor, Michigan : ProQuest Ebook Central, 2024. Available via World Wide Web. Access may be limited to ProQuest Ebook Central affiliated libraries.  
655 4 |a Electronic books. 
700 1 |a Crook, Penny. 
700 1 |a Murray, Tim. 
776 0 8 |i Print version:  |a Davies, Peter  |t An Archaeology of Institutional Confinement  |d Sydney : Sydney University Press,c2013  |z 9781920899790 
797 2 |a ProQuest (Firm) 
830 0 |a Studies in Australasian Historical Archaeology Series 
856 4 0 |u https://ebookcentral.proquest.com/lib/matrademy/detail.action?docID=31280410  |z Click to View